00455nam a2200145Ia 4500008004100000041000800041082001200049100001800061245001300079260003200092300003200124365000700156999001700163952012900180240624s9999 xx 000 0 und d aeng a823 CON aCONRAD JOSEPH aLORD JIM c2002aNew DelhibWordsworth axxiv, : 273 : p. : cm. ; 19 cRS c28717d28717 00104070aIMTNbIMTNcRack 40-Ad2017-05-17g110.00l1o823 CONp28717r2025-10-14 00:00:00s2025-10-04t1w2024-06-24yBK